Urban planning and real estate development / (Record no. 609080)

000 -LEADER
fixed length control field 03154cam a2200397 i 4500
001 - CONTROL NUMBER
control field 21856690
005 - DATE AND TIME OF LATEST TRANSACTION
control field 20240513201425.0
008 - FIXED-LENGTH DATA ELEMENTS--GENERAL INFORMATION
fixed length control field 210104s2021 nyua b 001 0 eng
010 ## - LIBRARY OF CONGRESS CONTROL NUMBER
LC control number 2021058722
020 ## - INTERNATIONAL STANDARD BOOK NUMBER
International Standard Book Number 9780367025724
Qualifying information (hardback)
020 ## - INTERNATIONAL STANDARD BOOK NUMBER
International Standard Book Number 9780367025748
Qualifying information (paperback)
020 ## - INTERNATIONAL STANDARD BOOK NUMBER
Canceled/invalid ISBN 9780429398926
Qualifying information (ebook)
040 ## - CATALOGING SOURCE
Original cataloging agency DLC
Language of cataloging eng
Transcribing agency DLC
Description conventions rda
Modifying agency DLC
042 ## - AUTHENTICATION CODE
Authentication code pcc
082 00 - DEWEY DECIMAL CLASSIFICATION NUMBER
Classification number 307.1216
Author Mark RAT
100 1# - MAIN ENTRY--PERSONAL NAME
Personal name Ratcliffe, John,
Relator term author.
9 (RLIN) 45637
245 10 - TITLE STATEMENT
Title Urban planning and real estate development /
Statement of responsibility, etc. John Ratcliffe, Michael Stubbs and Miles Keeping.
250 ## - EDITION STATEMENT
Edition statement 4th Edition.
264 #1 - PRODUCTION, PUBLICATION, DISTRIBUTION, MANUFACTURE, AND COPYRIGHT NOTICE
Place of production, publication, distribution, manufacture New York ;
-- London :
Name of producer, publisher, distributor, manufacturer Routledge, Taylor & Francis Group,
Date of production, publication, distribution, manufacture, or copyright notice 2021.
300 ## - PHYSICAL DESCRIPTION
Extent xvi, 506 pages :
Other physical details illustrations (black and white) ;
Dimensions 26 cm.
336 ## - CONTENT TYPE
Content type term text
Content type code txt
Source rdacontent
337 ## - MEDIA TYPE
Media type term unmediated
Media type code n
Source rdamedia
338 ## - CARRIER TYPE
Carrier type term volume
Carrier type code nc
Source rdacarrier
490 0# - SERIES STATEMENT
Series statement Natural and built environment series
500 ## - GENERAL NOTE
General note Revised edition of the authors' Urban planning and real estate development, 2009.
504 ## - BIBLIOGRAPHY, ETC. NOTE
Bibliography, etc. note Includes bibliographical references and index.
520 ## - SUMMARY, ETC.
Summary, etc. "This fourth edition of Urban Planning and Real Estate Development guides readers through the procedural and practical aspects of developing land from the point of view of both planner and developer. The twin processes of planning and property development are inextricably linked - it's not possible to carry out a development strategy without an understanding of the planning process, and equally planners need to know how real estate developers do their job. The planning system is explained, from the increasing emphasis on spatial planning at a national, local and neighbourhood level down to the detailed perspective of the development management process and the specialist requirements of historic buildings and conservation areas. At the same time the authors explain the entire development process from inception through appraisal, valuation and financing to completion. Sustainability and corporate social responsibility and their impact on planning and development are covered in detail, and the future consequences of the Corona-Virus pandemic are explored in new opening and closing chapters setting the text in a global context. Written by a team of authors with many years of academic, professional and research experience, and illustrated throughout with practical case studies and follow-up resources, this book is an invaluable textbook for real estate and planning students, and helps to meet the requirements of the RICS and RTPI Assessment of Professional Competence"--
Assigning source Provided by publisher.
650 #0 - SUBJECT ADDED ENTRY--TOPICAL TERM
Topical term or geographic name entry element City planning.
650 #0 - SUBJECT ADDED ENTRY--TOPICAL TERM
Topical term or geographic name entry element Real estate development.
9 (RLIN) 24256
700 1# - ADDED ENTRY--PERSONAL NAME
Personal name Stubbs, Michael,
Dates associated with a name 1962-
Relator term author.
9 (RLIN) 24257
700 1# - ADDED ENTRY--PERSONAL NAME
Personal name Keeping, Miles,
Relator term author.
9 (RLIN) 122622
776 08 - ADDITIONAL PHYSICAL FORM ENTRY
Relationship information Online version:
Main entry heading Ratcliffe, John,
Title Urban planning and real estate development
Edition 4.
Place, publisher, and date of publication New York : Routledge, 2021.
International Standard Book Number 9780429398926
Record control number (DLC) 2021058723
906 ## - LOCAL DATA ELEMENT F, LDF (RLIN)
a 7
b cbc
c orignew
d 1
e ecip
f 20
g y-gencatlg
942 ## - ADDED ENTRY ELEMENTS (KOHA)
Source of classification or shelving scheme
Koha item type Book
Holdings
Withdrawn status Lost status Source of classification or shelving scheme Damaged status Not for loan Permanent Location Current Location Date acquired Total Checkouts Full call number Barcode Date last seen Price effective from Koha item type
          School of Civil and Environmental Engineering (SCEE) School of Civil and Environmental Engineering (SCEE) 05/13/2024   307.1216 RAT NIT-13731 05/13/2024 05/13/2024 Book
© 2023 Central Library, National University of Sciences and Technology. All Rights Reserved.